|
|
|
|
| LEADER |
00703nam a22002292a 4500 |
| 001 |
001372265 |
| 003 |
CZ BrMZK |
| 005 |
20140307101424.0 |
| 007 |
ta |
| 008 |
140307s1962 gw er|||||||||||ger d |
| 040 |
|
|
|a BOA001
|b cze
|
| 245 |
0 |
0 |
|a Ingenieurgeologie /
|c Fritz Reuter ... [et al.]
|
| 260 |
|
|
|a Berlin :
|b Akademie-Verlag,
|c 1962
|
| 300 |
|
|
|a 109 s.
|
| 490 |
1 |
|
|a Freiberger Forschungshefte ;
|v 127
|
| 504 |
|
|
|a Obsahuje bibliografie
|
| 700 |
1 |
|
|a Reuter, Fritz,
|d 1925-
|7 ola2002109924
|4 aut
|
| 830 |
|
0 |
|a Freiberger Forschungshefte
|
| 910 |
|
|
|a BOA001
|b 2-0481.327
|
| 990 |
|
|
|a BK
|
| 991 |
|
|
|b 201403
|
| 996 |
7 |
|
|b 2619060071
|c 2-0481.327
|l MZK
|r Sklad / do 24 hodin
|n 0
|w 001407112
|u 000010
|a 1
|e BOA001
|j MZK50
|s A
|